| 000 | 00478nam a2200157Ia 4500 | ||
|---|---|---|---|
| 008 | 140527s9999 xx 000 0 und d | ||
| 020 | _a9789712362408 | ||
| 050 |
_aKPM 2789 _b.D377 2012 |
||
| 100 | _aDe Leon, Hector S. | ||
| 245 |
_aThe fundamentals of taxation / _bHector S. De Leon, Hector M. De Leon, Jr. _cHector S. De Leon. |
||
| 260 |
_aManila : _bRex Book Store, _cc2012. |
||
| 300 |
_a425 p. : _c22 cm. |
||
| 521 | _aBSBA | ||
| 942 |
_kLOC _cBK |
||
| 999 |
_c117522 _d117522 |
||